| 000 | 01004nam a2200217Ii 4500 | ||
|---|---|---|---|
| 003 | JO-AjNU | ||
| 008 | 230605s9999||||xx |||||||||||||| ||und|| | ||
| 017 | _a2010/11894 | ||
| 020 | _a978-977-328-732-7 | ||
| 040 |
_aJO-AjNU _bara _erda _cJO-AjNU |
||
| 041 | _aara | ||
| 050 | 1 | 4 | _aKRM1829.U537.2011 |
| 100 | 3 |
_aعمر، نبيل اسماعيل, _eauthor _944271 |
|
| 245 | 0 | 0 | _aالتحكيم في المواد المدنية والتجارية الوطنية والدولية : اتفاق التحكيم-خصومة التحكيم-حكم المحكم وفقا لأحدث التعديلات التشريعية والقضائية |
| 264 | 3 | 1 | _aالاسكندرية : دار الجامعة الجديدة،2011 |
| 300 | _a464ص | ||
| 336 |
_atext _btxt _2rdacontent |
||
| 337 |
_aunmediated _bn _2rdamedia |
||
| 338 |
_avolume _bnc _2rdacarrier |
||
| 650 | 4 |
_aالتحكيم التجاري -- التحكيم القضائي -- مصر-- التحكيم -- قوانين وتشريعات -- مصر _944272 |
|
| 999 |
_aA19102 _c22670 _d22670 |
||